[Event "28. Cappelle Open"]
[Site "Cappelle la Grande FRA"]
[Date "2012.03.05"]
[Round "3"]
[White "Lalic, Bogdan"]
[Black "Vorobiov, Evgeny E"]
[Result "1-0"]
[WhiteElo "2469"]
[BlackElo "2580"]
[EventDate "2012.03.03"]

1.d4 Nf6 2.c4 g6 3.g3 c5 4.d5 b5 5.cxb5 a6 6.bxa6 d6 7.Nc3 Bg7 8.Bg2 O-O 
9.Nf3 Nbd7 10.O-O Nb6 11.Re1 Bxa6 12.h3 Nfd7 13.Qc2 Ra7 14.Rd1 Qa8 15.e4 
Bb7 16.b3 f5 17.Ng5 fxe4 18.Bxe4 Nf6 19.Bb2 Nxe4 20.Qxe4 Nxd5 21.Qe6+ Kh8 
22.Nxd5 Bxb2 23.Nc7 Qd8 24.Qf7 Rxf7 25.Nxf7+ Kg8 26.Nxd8 Bf3 27.Nde6 Bxd1 
28.Rxd1 Rxa2 29.Rd3 1-0

[Event "28. Cappelle Open"]
[Site "Cappelle la Grande FRA"]
[Date "2012.03.05"]
[Round "3"]
[White "Borovikov, Vladislav"]
[Black "Sivuk, Vitaly"]
[Result "1/2-1/2"]
[WhiteElo "2579"]
[BlackElo "2459"]
[EventDate "2012.03.03"]

1.d4 Nf6 2.Nf3 g6 3.c4 Bg7 4.g3 O-O 5.Bg2 d6 6.O-O c6 7.Nc3 Bf5 8.b3 Ne4 
9.Bb2 Nxc3 10.Bxc3 Be4 11.e3 d5 12.Qe2 Nd7 13.Bh3 Nc5 14.Ne1 dxc4 15.f3 
Bd3 16.Nxd3 cxd3 17.Qb2 Nd7 18.Rad1 Qc7 19.Rxd3 e6 20.Rc1 Rad8 21.Rdd1 
Rfe8 22.Bf1 1/2-1/2

[Event "28. Cappelle Open"]
[Site "Cappelle la Grande FRA"]
[Date "2012.03.05"]
[Round "3"]
[White "McDonald, Neil"]
[Black "Sokolov, Andrei1"]
[Result "1/2-1/2"]
[WhiteElo "2457"]
[BlackElo "2577"]
[EventDate "2012.03.03"]

1.Nf3 Nf6 2.c4 e6 3.g3 d5 4.Bg2 dxc4 5.Qa4+ Nbd7 6.Qxc4 c5 7.Qb3 Rb8 8.d3 
Bd6 9.Nc3 a6 10.Ng5 b6 11.Nce4 Nxe4 12.Nxe4 Be5 13.f4 Bc7 14.O-O O-O 15.
Bd2 Nf6 16.Nxf6+ Qxf6 17.Bc3 Qe7 18.a4 Bd6 19.e4 b5 20.axb5 axb5 21.Kh1 
Qc7 22.Rfc1 Qd7 23.Be1 Bb7 24.Bf2 Ra8 25.Rxa8 1/2-1/2

[Event "28. Cappelle Open"]
[Site "Cappelle la Grande FRA"]
[Date "2012.03.05"]
[Round "4"]
[White "Petrosian, Tigran L"]
[Black "Arutinian, David"]
[Result "1-0"]
[WhiteElo "2643"]
[BlackElo "2553"]
[EventDate "2012.03.03"]

1.Nf3 Nf6 2.g3 b5 3.Bg2 Bb7 4.O-O e6 5.d3 d5 6.e4 Be7 7.exd5 Bxd5 8.c4 
bxc4 9.dxc4 Bb7 10.Qxd8+ Bxd8 11.Rd1 Nbd7 12.Nc3 a6 13.Bf4 Rc8 14.Ne5 Bxg2
15.Kxg2 Nxe5 16.Bxe5 Rg8 17.Na4 Nd7 18.Bd4 Bf6 19.Bxf6 gxf6 20.Rd4 Rg5 21.
Rad1 Nb8 22.Rh4 h5 23.Nc3 Re5 24.f4 Rc5 25.b3 Ke7 26.Re1 Nd7 27.Nd5+ Kd6 
28.Nc3 Ke7 29.Nd5+ Kd6 30.Ne3 Ra5 31.Re2 Rg8 32.f5 Rg5 33.Rd4+ Kc6 34.b4 
Re5 35.a4 Nb6 36.a5 Nc8 37.fxe6 fxe6 38.Rf4 f5 39.Kf3 Nd6 40.Rd4 Rg8 41.
Rh4 Nf7 42.Nc2 Rxe2 43.Kxe2 Rh8 44.Nd4+ Kd6 45.b5 Ra8 46.Rxh5 axb5 47.Rh7 
Ng5 48.Nxb5+ Ke5 49.Rxc7 Rxa5 50.Ra7 Rxa7 51.Nxa7 Kd4 52.h4 Nf7 53.Kf3 e5 
54.Nc6+ Kxc4 55.Nxe5+ Nxe5+ 56.Kf4 Kd5 57.Kxf5 Kd6 58.h5 Nf7 59.Kf6 Nh6 
60.Kg6 Ng4 61.h6 Ke7 62.h7 Ne5+ 63.Kg7 Nf7 64.g4 1-0

[Event "28. Cappelle Open"]
[Site "Cappelle la Grande FRA"]
[Date "2012.03.05"]
[Round "4"]
[White "Amin, Bassem"]
[Black "Dgebuadze, Alexandre"]
[Result "1-0"]
[WhiteElo "2608"]
[BlackElo "2548"]
[EventDate "2012.03.03"]

1.e4 e6 2.d3 c5 3.g3 Nc6 4.Bg2 g6 5.Nf3 Bg7 6.O-O Nge7 7.c3 h6 8.d4 cxd4 
9.cxd4 d5 10.e5 Bd7 11.Nc3 Nf5 12.Re1 a6 13.Bh3 Rc8 14.Bxf5 gxf5 15.Be3 
Na5 16.Ne2 Nc4 17.Bc1 Bf8 18.Nf4 h5 19.h4 Qb6 20.Re2 Na5 21.b3 Be7 22.Rc2 
Rxc2 23.Qxc2 Nc6 24.Qd1 Kd8 25.Ne2 Kc8 26.Bg5 Kb8 27.Bxe7 Nxe7 28.Ng5 Be8 
29.Rc1 Nc6 30.Qd2 Qa5 31.Qxa5 Nxa5 32.f3 Nc6 33.Rd1 Kc7 34.Kf2 Kd8 35.Ke3 
Ke7 36.Rc1 Bd7 37.Nf4 Rh6 38.Nd3 b6 39.Nb2 f6 40.exf6+ Rxf6 41.Na4 b5 42.
Nc5 a5 43.Nd3 Kd6 44.a3 Rf8 45.Rc5 f4+ 46.gxf4 Ne7 47.Ne5 Nf5+ 48.Kd3 Nxd4
49.b4 axb4 50.axb4 Be8 51.Ngf7+ Bxf7 52.Kxd4 Be8 53.Ke3 Bd7 54.Rc1 Ra8 55.
Rg1 Ra4 56.Rg8 d4+ 57.Kf2 Ra2+ 58.Kg3 Bc6 59.Rd8+ Kc7 60.Rxd4 Bd5 61.f5 
Kd6 62.Nf7+ Ke7 63.Ng5 Kf6 64.fxe6 Bc4 65.Rf4+ Ke7 66.Rf7+ Kd6 67.Rd7+ Kc6
68.Nf7 Re2 69.Nd8+ Kb6 70.e7 Re1 71.f4 Re3+ 72.Kf2 1-0

[Event "28. Cappelle Open"]
[Site "Cappelle la Grande FRA"]
[Date "2012.03.05"]
[Round "4"]
[White "Sanikidze, Tornike"]
[Black "Harikrishna, Pendyala"]
[Result "0-1"]
[WhiteElo "2549"]
[BlackElo "2678"]
[EventDate "2012.03.03"]

1.d4 Nf6 2.c4 e6 3.Nf3 d5 4.Nc3 Bb4 5.cxd5 exd5 6.Bg5 Qd6 7.Nd2 c6 8.e3 
Bf5 9.Qb3 Nbd7 10.a3 Bxc3 11.bxc3 b6 12.c4 O-O 13.Bf4 Qe6 14.Be2 c5 15.Nf3
Bg4 16.Ng5 Qe7 17.Bxg4 Nxg4 18.Qd3 Ngf6 19.cxd5 cxd4 20.Qxd4 Qc5 21.Qxc5 
Nxc5 22.Rd1 Rad8 23.d6 Nh5 24.Bg3 f6 25.Nf3 Nxg3 26.hxg3 Ne4 27.Rh4 Rfe8 
28.a4 Rxd6 29.Rxd6 Nxd6 30.Rd4 Rd8 31.g4 h6 32.Ke2 Kf7 33.Kd3 Ke7 34.Nh4 
g5 35.Nf3 Rc8 36.Rd5 Nc4 37.Ke4 Nd6+ 38.Kd3 Rc1 39.Nd4 Ra1 40.Nc6+ Ke6 41.
Rd4 a5 42.Ke2 Rc1 43.Na7 Rc2+ 44.Kf3 Rc4 45.Ke2 Rxd4 46.exd4 Kd5 47.Kd3 
Ne4 48.f3 Nd6 49.Kc3 f5 50.gxf5 Nxf5 51.Nc8 Kc6 52.g4 Nh4 53.Ne7+ Kd6 54.
Nf5+ Nxf5 55.gxf5 h5 56.Kd2 h4 57.Ke2 h3 58.Kf2 h2 59.Kg2 b5 60.axb5 a4 
61.b6 a3 62.b7 Kc7 63.f6 a2 64.f7 h1=Q+ 0-1

[Event "28. Cappelle Open"]
[Site "Cappelle la Grande FRA"]
[Date "2012.03.05"]
[Round "4"]
[White "Fedorchuk, Sergey A"]
[Black "Cornette, Matthieu"]
[Result "1/2-1/2"]
[WhiteElo "2634"]
[BlackElo "2545"]
[EventDate "2012.03.03"]

1.e4 d5 2.exd5 Qxd5 3.Nc3 Qa5 4.d4 Nf6 5.Nf3 Bf5 6.Bd2 e6 7.Bc4 Bb4 8.O-O 
Nc6 9.Re1 O-O 10.a3 Bxc3 11.Bxc3 Qb6 12.a4 a5 13.Bd3 Bxd3 14.Qxd3 Rfd8 15.
b3 Nb4 16.Qe2 Qc6 17.Bxb4 axb4 18.Rad1 Qa6 19.Rd3 b5 20.axb5 Qxb5 1/2-1/2

[Event "28. Cappelle Open"]
[Site "Cappelle la Grande FRA"]
[Date "2012.03.05"]
[Round "4"]
[White "Andriasian, Zaven"]
[Black "Kharitonov, Alexandr"]
[Result "1/2-1/2"]
[WhiteElo "2616"]
[BlackElo "2542"]
[EventDate "2012.03.03"]

1.e4 c6 2.Nc3 d5 3.Nf3 Bg4 4.h3 Bxf3 5.Qxf3 e6 6.d3 Nd7 7.a3 g6 8.g3 Bg7 
9.Bg2 Ne7 10.O-O O-O 11.Qe2 Re8 12.Bd2 Qb6 13.Rab1 Rad8 14.Kh2 Qa6 15.Rfe1
dxe4 16.Nxe4 Nf6 17.Bg5 Nxe4 18.Bxe4 h6 19.Bd2 Qb5 20.h4 h5 21.Bg5 Rd7 22.
Red1 Nf5 23.c3 Nd6 24.Bg2 Nf5 25.Be4 Nd6 26.Bf3 Nf5 27.Be4 1/2-1/2

[Event "28. Cappelle Open"]
[Site "Cappelle la Grande FRA"]
[Date "2012.03.05"]
[Round "4"]
[White "Durarbayli, V"]
[Black "Kovchan, Alexander"]
[Result "1/2-1/2"]
[WhiteElo "2543"]
[BlackElo "2598"]
[EventDate "2012.03.03"]

1.c4 c5 2.g3 g6 3.Bg2 Bg7 4.Nc3 Nc6 5.Nf3 d6 6.O-O e6 7.a3 Nge7 8.b4 O-O 
9.Rb1 b6 10.Nb5 Bb7 11.Bb2 e5 12.bxc5 bxc5 13.Ba1 Rb8 14.d3 a6 15.Nc3 Qc7 
16.Nd2 Nd4 17.Bxb7 Rxb7 18.Qa4 Rfb8 19.Rxb7 Rxb7 20.Nde4 Qc6 21.e3 Ne2+ 
22.Kg2 1/2-1/2

[Event "28. Cappelle Open"]
[Site "Cappelle la Grande FRA"]
[Date "2012.03.05"]
[Round "4"]
[White "Sandipan, Chanda"]
[Black "Vovk, Andrey"]
[Result "1-0"]
[WhiteElo "2595"]
[BlackElo "2540"]
[EventDate "2012.03.03"]

1.d4 Nf6 2.Nf3 g6 3.Nbd2 d5 4.e3 Bg7 5.b4 O-O 6.Bb2 Bf5 7.Be2 Ne4 8.O-O 
Nxd2 9.Qxd2 Nd7 10.c4 dxc4 11.Bxc4 e5 12.Qc3 e4 13.Nd2 c6 14.a4 Nb6 15.Bb3
Rc8 16.Ba3 Re8 17.Qc2 Qd7 18.Qb2 a6 19.Rfc1 Nd5 20.Qa2 Bf8 21.b5 axb5 22.
axb5 Ra8 23.bxc6 bxc6 24.Qb2 Bg7 25.Bc5 Qb7 26.Rxa8 Rxa8 27.Ra1 1-0

[Event "28. Cappelle Open"]
[Site "Cappelle la Grande FRA"]
[Date "2012.03.05"]
[Round "4"]
[White "Szabo, Krisztian"]
[Black "Degraeve, Jean-Marc"]
[Result "1/2-1/2"]
[WhiteElo "2538"]
[BlackElo "2569"]
[EventDate "2012.03.03"]

1.e4 c5 2.Nf3 Nc6 3.d4 cxd4 4.Nxd4 g6 5.c4 Nf6 6.Nc3 d6 7.Be2 Nxd4 8.Qxd4 
Bg7 9.Be3 O-O 10.Qd2 Be6 11.Rc1 Qa5 12.f3 Rfc8 13.b3 a6 14.Na4 Qxd2+ 15.
Kxd2 Nd7 16.g4 f5 17.exf5 gxf5 18.h3 Rf8 19.Rhf1 Rad8 20.Nc3 d5 21.cxd5 
Nf6 22.Rfd1 1/2-1/2

[Event "28. Cappelle Open"]
[Site "Cappelle la Grande FRA"]
[Date "2012.03.05"]
[Round "4"]
[White "Zakhartsov, Viacheslav V"]
[Black "Jojua, Davit"]
[Result "1-0"]
[WhiteElo "2563"]
[BlackElo "2507"]
[EventDate "2012.03.03"]

1.d4 g6 2.e4 Bg7 3.c4 d6 4.Nc3 Nf6 5.Nf3 O-O 6.Be2 e5 7.O-O exd4 8.Nxd4 
Re8 9.f3 c6 10.Kh1 a6 11.Nc2 Be6 12.Bg5 h6 13.Be3 b5 14.Qd2 bxc4 15.Rad1 
d5 16.Bxh6 Ra7 17.Bxg7 Kxg7 18.Bxc4 Rh8 19.exd5 cxd5 20.Be2 Rh4 21.g3 Rh3 
22.Rf2 Re7 23.Bf1 Rh8 24.Nd4 Bd7 25.Re1 Rxe1 26.Qxe1 Nc6 27.Rd2 Qb8 28.Qf2
a5 29.Nxc6 Bxc6 30.Kg1 Qe5 31.Qd4 Qe1 32.Rd1 Qe6 33.a3 Rb8 34.b4 axb4 35.
axb4 Kg8 36.b5 Bb7 37.Na4 Nd7 38.Rc1 Ra8 39.Kg2 Ne5 40.Nc3 Nc4 41.Kf2 Re8 
42.Na4 Ba8 43.Nc5 Qe7 44.Nd3 Qb7 45.Nf4 Qxb5 46.Nxg6 Qb2+ 47.Qxb2 Nxb2 48.
Nf4 d4 49.Rb1 Rb8 50.Nd3 Nxd3+ 51.Bxd3 Rc8 52.Rb4 Rd8 53.g4 Kg7 54.Kg3 Rd6
55.g5 f6 56.h4 fxg5 57.hxg5 Rd7 58.f4 Bc6 59.f5 Rd8 60.Kf4 1-0

[Event "28. Cappelle Open"]
[Site "Cappelle la Grande FRA"]
[Date "2012.03.05"]
[Round "4"]
[White "Brodsky, Michail"]
[Black "Janev, Evgeni"]
[Result "1/2-1/2"]
[WhiteElo "2558"]
[BlackElo "2484"]
[EventDate "2012.03.03"]

1.d4 d6 2.Nf3 Bg4 3.e3 Nd7 4.h3 Bh5 5.c4 c6 6.Nc3 e5 7.Be2 Ngf6 8.O-O Be7 
9.Nh4 Bxe2 10.Qxe2 g6 11.Nf3 O-O 12.Rd1 e4 13.Nd2 d5 14.cxd5 cxd5 15.f3 
exf3 16.Qxf3 Nb6 17.e4 Rc8 18.e5 Nh5 19.Nf1 f6 20.Bh6 Ng7 21.Qe2 1/2-1/2

[Event "28. Cappelle Open"]
[Site "Cappelle la Grande FRA"]
[Date "2012.03.05"]
[Round "4"]
[White "Lalic, Bogdan"]
[Black "Maiorov, Nikita BLR"]
[Result "1/2-1/2"]
[WhiteElo "2469"]
[BlackElo "2552"]
[EventDate "2012.03.03"]

1.d4 d5 2.c4 c6 3.cxd5 cxd5 4.Nf3 Nf6 5.Nc3 Nc6 6.Bf4 Bf5 7.e3 e6 8.Bd3 
Bxd3 9.Qxd3 Bd6 10.Bxd6 Qxd6 11.O-O O-O 12.Rfc1 Rfc8 13.h3 h6 14.Nd2 Qe7 
15.a3 Ne8 16.Rc2 Nd6 17.Rac1 Qd8 18.b4 Ne7 19.Nb5 Nxb5 20.Qxb5 1/2-1/2

[Event "28. Cappelle Open"]
[Site "Cappelle la Grande FRA"]
[Date "2012.03.05"]
[Round "4"]
[White "Le Roux, Jean-Pierre"]
[Black "Naumkin, Igor"]
[Result "1-0"]
[WhiteElo "2550"]
[BlackElo "2452"]
[EventDate "2012.03.03"]

1.d4 Nf6 2.Nf3 e6 3.g3 d5 4.Bg2 c5 5.O-O cxd4 6.Nxd4 Nc6 7.c4 Bc5 8.Nb3 
Bb6 9.cxd5 Nxd5 10.Na3 O-O 11.Nc4 Bc7 12.Ne3 Qe7 13.Qc2 Rd8 14.Rd1 Ndb4 
15.Rxd8+ Bxd8 16.Qe4 Bd7 17.Bd2 a5 18.a3 Na6 19.Bc3 Be8 20.Rd1 Nc7 21.Qg4 
f5 22.Qc4 Bf7 23.Bxc6 bxc6 24.Nxa5 e5 25.Qxc6 f4 26.Nec4 Bh5 27.Bxe5 Bxe2 
28.Rd7 Qe6 29.Rxg7+ Kf8 30.Qc5+ Be7 31.Rxe7 1-0

[Event "28. Cappelle Open"]
[Site "Cappelle la Grande FRA"]
[Date "2012.03.05"]
[Round "4"]
[White "Gharamian, Tigran"]
[Black "Sepp, Olav"]
[Result "1-0"]
[WhiteElo "2671"]
[BlackElo "2486"]
[EventDate "2012.03.03"]

1.Nf3 Nf6 2.c4 g6 3.Nc3 Bg7 4.d4 O-O 5.g3 d6 6.Bg2 Nbd7 7.O-O e5 8.e4 c6 
9.h3 Qb6 10.Re1 exd4 11.Nxd4 Re8 12.Re2 Qb4 13.Rc2 Nc5 14.Bd2 Qb6 15.Be3 
a5 16.Nb3 a4 17.Nxc5 dxc5 18.Rac1 Be6 19.Rd2 a3 20.b3 Qb4 21.Ne2 Re7 22.
Nf4 Qa5 23.e5 Ne8 24.Nxe6 Rxe6 25.f4 f6 26.Rd7 Rb8 27.Bd2 Qb6 28.Bc3 fxe5 
29.Qg4 Rd6 30.fxe5 Rxd7 31.Qxd7 Qc7 32.Rd1 Rc8 33.Qe6+ Kh8 34.Rd7 Qb8 35.
Qf7 Rd8 36.e6 1-0

[Event "28. Cappelle Open"]
[Site "Cappelle la Grande FRA"]
[Date "2012.03.05"]
[Round "4"]
[White "Baryshpolets, Andrey"]
[Black "Kurnosov, Igor"]
[Result "1-0"]
[WhiteElo "2486"]
[BlackElo "2657"]
[EventDate "2012.03.03"]

1.d4 Nf6 2.c4 g6 3.Nf3 Bg7 4.g3 O-O 5.Bg2 d6 6.O-O Nc6 7.Nc3 Bf5 8.d5 Na5 
9.Nd2 c5 10.e4 Bd7 11.Qc2 a6 12.b3 b5 13.Bb2 Rb8 14.Nd1 e5 15.Ne3 Bh6 16.
Rae1 Nh5 17.Bc3 b4 18.Bb2 Nb7 19.Qd1 Qe7 20.f4 Nf6 21.h3 Rbe8 22.g4 exf4 
23.Qa1 Bg5 24.Nd1 Bxg4 25.hxg4 Nxg4 26.Nf3 Bh4 27.Re2 Bg3 28.Bg7 f5 29.
Bxf8 Qxf8 30.Bh3 Qh6 31.Bxg4 fxg4 32.Nh2 Qh3 33.Qf6 Rxe4 34.Rg2 Bh4 35.
Nxg4 Bxf6 36.Nxf6+ Kg7 37.Nxe4 Qd3 38.Re1 Nd8 39.Ndf2 Qd4 40.Nxd6 f3 41.
Nf5+ 1-0

[Event "28. Cappelle Open"]
[Site "Cappelle la Grande FRA"]
[Date "2012.03.05"]
[Round "4"]
[White "Lysyj, Igor"]
[Black "Vera Gonzalez-Quevedo, Reynaldo"]
[Result "1-0"]
[WhiteElo "2656"]
[BlackElo "2482"]
[EventDate "2012.03.03"]

1.d4 d5 2.c4 e6 3.Nf3 Nf6 4.Nc3 c6 5.e3 Nbd7 6.Qc2 Bd6 7.Be2 O-O 8.O-O e5 
9.cxd5 cxd5 10.dxe5 Nxe5 11.Bd2 Nxf3+ 12.Bxf3 Qc7 13.g3 Be5 14.Qd3 Qc4 15.
Qxc4 dxc4 16.Na4 Rb8 17.Bc3 Bxc3 18.Nxc3 b5 19.b4 cxb3 20.axb3 Be6 21.Rfb1
Rfc8 22.Ne2 Rc7 23.Nd4 Bd5 24.Be2 Ne4 25.Nxb5 Rcb7 26.Ra5 Nd2 27.Rd1 Nf3+ 
28.Bxf3 Bxf3 29.Rc1 Bg4 30.Nd4 Rc8 31.Rxc8+ Bxc8 32.Kf1 Be6 33.Ra3 Kf8 34.
Ke2 Ke7 35.Kd3 f6 36.Kc3 Bd7 37.Ra6 Kd8 38.b4 Rc7+ 39.Kb3 Rb7 40.e4 Ke7 
41.f4 g6 42.e5 fxe5 43.fxe5 Be8 44.Kc4 Rc7+ 45.Kd5 Rd7+ 46.Kc5 Rc7+ 47.Kd5
Rd7+ 48.Kc4 Rc7+ 49.Kb3 Rb7 50.h4 Bf7+ 51.Kc3 Be8 52.Kc4 Rc7+ 53.Kd5 Rd7+ 
54.Kc5 Rc7+ 55.Nc6+ Ke6 56.b5 Kf5 57.Ra4 g5 58.g4+ Ke6 59.hxg5 Bxc6 60.
bxc6 Kxe5 61.Rb4 Rc8 62.Rb7 1-0

[Event "28. Cappelle Open"]
[Site "Cappelle la Grande FRA"]
[Date "2012.03.05"]
[Round "4"]
[White "Negi, Parimarjan"]
[Black "Wirig, Anthony"]
[Result "1-0"]
[WhiteElo "2639"]
[BlackElo "2481"]
[EventDate "2012.03.03"]

1.e4 e6 2.d4 d5 3.Nc3 Nf6 4.e5 Nfd7 5.f4 c5 6.Nf3 Nc6 7.Be3 cxd4 8.Nxd4 
Bc5 9.Qd2 O-O 10.O-O-O Bxd4 11.Bxd4 Qa5 12.Bf2 Rb8 13.Bb5 a6 14.Bd3 b5 15.
Kb1 b4 16.Ne2 Nc5 17.h4 Bd7 18.b3 Rfc8 19.h5 Na7 20.Bxc5 Rxc5 21.f5 exf5 
22.h6 g6 23.Qe3 Be6 24.g4 fxg4 25.Qf2 f5 26.exf6 Bf7 27.Nd4 Nc6 28.Rde1 
Qb6 29.Ne6 Rc3 30.Qf4 a5 31.Bxg6 Bxe6 32.f7+ 1-0

[Event "28. Cappelle Open"]
[Site "Cappelle la Grande FRA"]
[Date "2012.03.05"]
[Round "4"]
[White "Haub, Thorsten Michael"]
[Black "Romanov, Evgeny"]
[Result "0-1"]
[WhiteElo "2474"]
[BlackElo "2625"]
[EventDate "2012.03.03"]

1.g3 e5 2.Bg2 d5 3.d3 c6 4.Nf3 Bd6 5.e4 Ne7 6.O-O Bg4 7.h3 Bh5 8.Qe1 Nd7 
9.a3 O-O 10.Nc3 f6 11.Nh4 Bf7 12.f4 exf4 13.gxf4 Qc7 14.Kh1 Rae8 15.Qg3 
Kh8 16.Qg4 dxe4 17.Nxe4 f5 18.Nxf5 Nxf5 19.Qxf5 Bb3 20.Nxd6 Qxd6 21.Qg5 
Bxc2 22.Bd2 h6 23.Qh4 Bxd3 24.Rfd1 Qg6 25.Bb4 Re2 26.Qg4 Rf7 27.Bc3 Qxg4 
28.hxg4 Be4 29.Bxe4 Rxe4 30.Rd6 Rexf4 31.Rxh6+ Kg8 32.Rg6 Nf6 33.Rg1 Nd5 
34.Be5 Re4 35.Bg3 Rf3 36.g5 Kf7 37.Rd6 Ke7 38.Rg6 Rf7 39.Rc1 a5 40.Kh2 Ne3
41.Bd6+ Kd7 42.Bc5 Nd5 43.Rc2 a4 44.Rd6+ Kc7 45.Rg6 Rd7 46.Bf8 Ne3 47.Rc1 
Rd2+ 48.Kg3 Nf5+ 49.Kf3 Rdd4 50.Rxg7+ Kc8 51.Rg8 Re3+ 52.Kg2 Rg4+ 53.Kh2 
Rh4+ 54.Kg2 Rg4+ 55.Kh2 Rh4+ 56.Kg2 Rg3+ 57.Kf1 Rh1+ 58.Kf2 Rh2+ 59.Kf1 
Ne3+ 0-1

[Event "28. Cappelle Open"]
[Site "Cappelle la Grande FRA"]
[Date "2012.03.05"]
[Round "4"]
[White "Rombaldoni, Axel"]
[Black "Gurevich, M"]
[Result "1-0"]
[WhiteElo "2464"]
[BlackElo "2611"]
[EventDate "2012.03.03"]

1.e4 e6 2.d4 d5 3.e5 c5 4.c3 Nc6 5.Nf3 Bd7 6.Be2 Nh6 7.a3 Nf5 8.b4 cxd4 9.
cxd4 Rc8 10.O-O Ncxd4 11.Nxd4 Rxc1 12.Qxc1 Nxd4 13.Bd1 Be7 14.Qd2 Nc6 15.
f4 a5 16.b5 Bc5+ 17.Kh1 Nd4 18.Nc3 Nxb5 19.Nxb5 Bxb5 20.Be2 Bc6 21.f5 exf5
22.Rxf5 O-O 23.a4 b6 24.Raf1 Qe7 25.Bd3 Bd7 26.Rh5 g6 27.Qh6 f5 28.exf6 
Rxf6 29.Rxf6 Qxf6 30.Qxh7+ Kf8 31.Qxg6 Qxg6 32.Bxg6 Bxa4 33.Rxd5 Bb3 34.
Rd3 a4 35.h4 Be6 36.Rd8+ Kg7 37.Bb1 a3 38.Ra8 b5 39.h5 Bf7 40.Ra5 Bf8 41.
Ra7 Kg8 42.h6 Bxh6 43.Rxa3 b4 44.Ra6 Kg7 45.Kh2 b3 46.g4 Be3 47.Kh3 Bg5 
48.Kg3 Be8 49.Rb6 Bf7 50.Rb5 Kh6 51.Rb7 Kg7 52.Rb5 Kh6 53.Bd3 Bd2 54.g5+ 
Bxg5 55.Rb7 Bg8 56.Rb6+ 1-0

[Event "28. Cappelle Open"]
[Site "Cappelle la Grande FRA"]
[Date "2012.03.05"]
[Round "4"]
[White "Sivuk, Vitaly"]
[Black "Burmakin, Vladimir"]
[Result "0-1"]
[WhiteElo "2459"]
[BlackElo "2592"]
[EventDate "2012.03.03"]

1.e4 c6 2.d4 d5 3.Nd2 h6 4.Ngf3 dxe4 5.Nxe4 Bf5 6.Bd3 e6 7.O-O Bxe4 8.Bxe4
Nf6 9.Bd3 Be7 10.c3 Nbd7 11.Bf4 O-O 12.Qe2 Re8 13.Rad1 Qa5 14.Bb1 Rad8 15.
Rfe1 c5 16.dxc5 Qxc5 17.Qc2 Nb6 18.Ne5 Rxd1 19.Rxd1 Nbd5 20.Bg3 b5 21.a3 
Rd8 22.h3 Nb6 23.Rxd8+ Bxd8 24.Ng4 Kf8 25.Qd3 Ke8 26.Bd6 Qd5 27.Qxd5 Nfxd5
28.Ne5 Bf6 29.Ba2 g6 30.Nd3 Na4 31.Bb8 a6 32.Kf1 h5 33.Bb3 Ndb6 34.Ke2 Nc4
35.Bxa4 bxa4 36.Bf4 Be7 37.Bc1 Kd7 38.Ne1 Kc6 39.Kd3 Kd5 40.Kc2 e5 41.Nd3 
a5 42.f3 f5 43.b3 Nxa3+ 44.Bxa3 Bxa3 45.bxa4 Bd6 46.Kb3 e4 47.fxe4+ Kxe4 
48.Kc4 g5 49.Nb2 g4 50.Kb5 Be5 51.Nd1 g3 0-1

[Event "28. Cappelle Open"]
[Site "Cappelle la Grande FRA"]
[Date "2012.03.06"]
[Round "5"]
[White "Amin, Bassem"]
[Black "Petrosian, Tigran L"]
[Result "1/2-1/2"]
[WhiteElo "2608"]
[BlackElo "2643"]
[EventDate "2012.03.03"]

1.e4 e5 2.Nf3 Nf6 3.d3 Nc6 4.Be2 d5 5.Nbd2 Bc5 6.O-O O-O 7.a3 a5 8.b3 Nd4 
9.Bb2 Re8 10.Re1 dxe4 11.Nxe4 Nxe4 12.dxe4 Nxf3+ 13.Bxf3 Qh4 14.Re2 Ra6 
15.g3 Qh3 16.Qd5 Bf8 17.Bc1 a4 18.Be3 axb3 19.Qxb3 Qe6 20.a4 Qc6 21.Ree1 
Be6 22.Qb5 Bc4 23.Qxc6 Rxc6 24.Rab1 Ba6 25.Be2 Bxe2 26.Rxe2 b6 27.Rb5 Rc4 
28.a5 bxa5 29.Rxa5 Rxe4 30.Kg2 f6 31.Ra7 Rc4 32.Rd2 Bd6 33.Rb7 Kf8 34.Kf3 
Ke7 35.Ke2 Ra8 36.Ba7 Rb4 37.Rxc7+ Bxc7 38.Bc5+ Ke6 39.Bxb4 Ra4 40.c3 Ra1 
41.h4 h5 42.Kf3 g6 43.Ke4 Re1+ 44.Kf3 e4+ 45.Kg2 Be5 46.Rc2 Rb1 47.Bc5 Kd5
48.Bd4 Bxd4 49.Rd2 Rc1 50.Rxd4+ Ke5 51.Rc4 Rc2 52.Kf1 Kf5 53.Kg1 g5 54.
hxg5 fxg5 55.Kf1 Rd2 56.Rc5+ Kg4 57.Re5 Kf3 58.Rf5+ Kg4 59.Re5 Rd3 60.Kg2 
1/2-1/2

[Event "28. Cappelle Open"]
[Site "Cappelle la Grande FRA"]
[Date "2012.03.06"]
[Round "5"]
[White "Harikrishna, Pendyala"]
[Black "Zakhartsov, Viacheslav V"]
[Result "1-0"]
[WhiteElo "2678"]
[BlackElo "2563"]
[EventDate "2012.03.03"]

1.d4 Nf6 2.c4 g6 3.g3 Bg7 4.Bg2 d5 5.cxd5 Nxd5 6.Nf3 Nb6 7.Nc3 Nc6 8.e3 
O-O 9.O-O Re8 10.d5 Na5 11.Nd4 Bd7 12.e4 Rc8 13.Bf4 c6 14.Rc1 cxd5 15.exd5
Nac4 16.b3 Nd6 17.Qd2 Na8 18.Rfe1 Qb6 19.Nf3 Qb4 20.Ne4 Qa3 21.Rxc8 Rxc8 
22.Bxd6 exd6 23.Qf4 Nb6 24.Nxd6 Rf8 25.Nxb7 Nxd5 26.Qd6 Qxd6 27.Nxd6 Nc3 
28.Ng5 Bf6 29.Nge4 Nxe4 30.Bxe4 Be6 31.Rd1 Rd8 32.Bf3 Be7 33.Nb5 Rxd1+ 34.
Bxd1 Bc5 35.Be2 Bd7 36.Nc3 Bc6 37.Bc4 Kf8 38.Kf1 Bd4 39.Ne2 Bc5 40.Nf4 Ke7
41.Ke2 a5 42.Nd3 Bd4 43.f3 f6 44.Nf4 g5 45.Nd3 Kd6 46.Ne1 h6 47.Nc2 Kc5 
48.Bd3 Bg1 49.a3 Kd6 50.Ne3 Kc5 51.Nf5 Bd7 52.Nxh6 Kd4 53.b4 axb4 54.axb4 
Kc3 55.b5 Bxh2 56.Bf5 Bxb5+ 57.Kf2 Kd4 58.Ng4 Bxg3+ 59.Kxg3 Be2 60.Be4 Ba6
61.Nxf6 Ke5 62.Nh7 1-0

[Event "28. Cappelle Open"]
[Site "Cappelle la Grande FRA"]
[Date "2012.03.06"]
[Round "5"]
[White "Sandipan, Chanda"]
[Black "Le Roux, Jean-Pierre"]
[Result "1-0"]
[WhiteElo "2595"]
[BlackElo "2550"]
[EventDate "2012.03.03"]

1.d4 Nf6 2.Nf3 g6 3.Nbd2 Bg7 4.e4 d6 5.Bc4 O-O 6.O-O Nc6 7.Qe2 d5 8.exd5 
Nxd5 9.c3 Nf4 10.Qe3 Nd5 11.Qe4 Nb6 12.Bb5 Bd7 13.Nb3 a6 14.Be2 Re8 15.Qh4
e5 16.Bg5 f6 17.Be3 e4 18.Nfd2 Ne7 19.Qxe4 Ned5 20.Qf3 Bc6 21.Na5 Nxc3 22.
Nxc6 Nxe2+ 23.Qxe2 bxc6 24.Nb3 a5 25.Qc2 Qd5 26.Rfc1 a4 27.Nc5 a3 28.b3 f5
29.Nd3 Qb5 30.Ne5 Nd5 31.Qxc6 Qxc6 32.Rxc6 Bxe5 33.dxe5 Rxe5 34.Rc5 Rae8 
35.Bd2 c6 36.Rxc6 Re2 37.Ba5 Nf4 38.h3 Rb2 39.Rc7 Ne2+ 40.Kh2 Nf4 41.Rd1 
Ne6 42.Ra7 Rxf2 43.Rd2 Rf1 44.Bb4 f4 45.Bxa3 Ng7 46.Rdd7 Nf5 47.h4 f3 48.
gxf3 h5 49.Kg2 Rfe1 50.Rd2 Nxh4+ 51.Kf2 Rh1 52.Rad7 Nf5 53.Rd8 Rxd8 54.
Rxd8+ Kf7 55.Bd6 Rd1 56.Bc7 Ra1 57.Rd2 h4 58.Kg2 Rb1 59.Bd8 Ke6 60.f4 Rc1 
61.Bb6 Rc3 62.Bf2 h3+ 63.Kh2 Nh6 64.Bg3 Nf5 65.Re2+ Kd5 66.Be1 Rf3 67.Re5+
Kd6 68.Bb4+ Kd7 69.Bc5 Rc3 70.b4 Ra3 71.b5 Ra5 72.b6 Rxa2+ 73.Kxh3 Kc6 74.
Kg4 Rc2 75.Kg5 Rg2+ 76.Kf6 Nh6 77.Rg5 1-0

[Event "28. Cappelle Open"]
[Site "Cappelle la Grande FRA"]
[Date "2012.03.06"]
[Round "5"]
[White "Apicella, Manuel"]
[Black "Gharamian, Tigran"]
[Result "1/2-1/2"]
[WhiteElo "2541"]
[BlackElo "2671"]
[EventDate "2012.03.03"]

1.c4 e6 2.Nf3 Nf6 3.g3 d5 4.b3 a5 5.Bb2 a4 6.Na3 Be7 7.Bg2 O-O 8.O-O c6 9.
d3 Qb6 10.e3 Nbd7 11.d4 Qa5 12.Nd2 Re8 13.Nc2 b6 14.Rb1 Bb7 15.Ba1 c5 16.
dxc5 Qxc5 17.Nd4 axb3 18.axb3 Qc8 19.cxd5 Bxd5 20.e4 Bb7 21.Rc1 Qb8 22.Nc6
1/2-1/2

[Event "28. Cappelle Open"]
[Site "Cappelle la Grande FRA"]
[Date "2012.03.06"]
[Round "5"]
[White "Szabo, Krisztian"]
[Black "Lysyj, Igor"]
[Result "0-1"]
[WhiteElo "2538"]
[BlackElo "2656"]
[EventDate "2012.03.03"]

1.e4 e5 2.Nf3 Nc6 3.Bb5 Nf6 4.O-O Nxe4 5.Re1 Nd6 6.Nxe5 Nxe5 7.Rxe5+ Be7 
8.Bf1 O-O 9.d4 Bf6 10.Re1 Re8 11.c3 Rxe1 12.Qxe1 Qe8 13.Qxe8+ Nxe8 14.Bf4 
d5 15.Bd3 c6 16.Nd2 g6 17.Re1 Ng7 18.Be5 Bxe5 19.Rxe5 Kf8 20.f3 Bf5 21.Bf1
f6 22.Re1 g5 23.Kf2 h6 24.g3 Kf7 25.Be2 Ne6 26.Nf1 Bg6 27.Rd1 f5 28.Bd3 f4
29.Bxg6+ Kxg6 30.g4 Kf6 31.Nd2 b6 32.Nb3 Rd8 33.Nc1 c5 34.Ne2 c4 35.Rh1 h5
36.gxh5 Rh8 37.h4 Rxh5 38.hxg5+ Kg6 39.Rxh5 Kxh5 40.g6 Kxg6 41.Ng1 Ng5 42.
Kg2 Kf5 43.Nh3 Nf7 44.Kf2 b5 45.a3 a5 46.Ke2 Nd8 47.Ke1 Ne6 48.Ke2 b4 49.
axb4 axb4 50.Ke1 b3 51.Ng1 Kg5 52.Kf2 Nc7 53.Ke1 Nb5 54.Kd2 Nd6 55.Nh3+ 
Kf5 56.Ke1 Nf7 57.Ng1 Ng5 58.Kf2 Ne6 59.Ke1 Kg6 60.Kf1 Kh5 61.Kg2 Kh4 62.
Ne2 Kg5 63.Kf2 Nf8 64.Ng1 Ng6 65.Ne2 Ne7 66.Ng1 Kg6 67.Nh3 Kf5 68.Ng1 Nc6 
69.Ke1 Na7 70.Kd2 Nb5 71.Nh3 Nd6 72.Ke1 Ne8 73.Ng1 Nf6 74.Nh3 Nh5 75.Kf2 
Ng7 76.Ke1 Ne6 77.Ng1 Kg6 78.Kf1 Kf6 79.Ke1 Kf5 80.Kf1 Nf8 81.Ke1 Nd7 82.
Nh3 Nf6 83.Ke2 Ne8 84.Ke1 Nd6 85.Ng1 Nb5 86.Kd2 Nc7 87.Ke1 Kg5 88.Nh3+ Kh4
89.Nxf4 Kg3 90.Nh5+ Kxf3 91.Nf6 Ke3 92.Kd1 Kd3 93.Ng4 Ne6 94.Nf2+ Ke3 95.
Ng4+ Kf3 96.Ne5+ Ke4 97.Ke2 Nf4+ 98.Kd1 Ke3 99.Ng4+ Kf3 100.Ne5+ Ke4 101.
Ke1 Ke3 102.Ng4+ Kd3 103.Kd1 Ne6 104.Nf2+ Ke3 105.Ng4+ Kf3 106.Ne5+ Kf4 
107.Kd2 Nc7 108.Ng6+ Ke4 109.Ne5 Na8 110.Nd7 Kf4 111.Ke2 Nc7 112.Kd2 Ne8 
113.Ke2 Kf5 114.Ke3 Nd6 115.Nb6 Ke6 116.Kd2 Ne4+ 117.Kc1 Nf6 118.Na4 Nd7 
119.Kd2 Kd6 120.Ke2 Kc6 121.Ke3 Kb5 122.Nc5 Nxc5 123.dxc5 Kxc5 124.Ke2 Kd6
125.Kd2 Ke6 126.Kd1 Kf5 127.Kd2 Kf4 128.Kd1 Ke3 129.Kc1 Ke2 130.Kb1 Kd2 
131.Ka1 d4 132.cxd4 Kc2 0-1